000 00309nam a22001337a 4500
008 170817b xxu||||| |||| 00| 0 eng d
020 _a9780077578190
041 _aeng
080 _a51
100 _a36
101 _aMAT
245 _aMATO 11 012 FOR BEREA COLLEGE
_cMESSERSMITH.SH
942 _2udc
_cBK
999 _c23966
_d23966